000 00683nam a2200229 a 4500
001 69068
003 BD-RjUL
005 20211209081839.0
008 170409b1987 enk||||| |||| 001 0 eng d
020 _a08445666527
035 _a(BD-RjUL)69279
040 _aBD-RjUL
_beng
_cBD-RjUL
_dBD-RjUL
041 _aeng
082 _223
_a910
_bSWL 1987
100 _aSwanson, James L.
_9204620
245 _aLaidlaw world geography :
_b a physical and cultural approach /
_cJames L Swanson
260 _aNew York :
_bGlencoe,
_c1987
300 _a656 p. :
_bill. ;
_c23 cm.
500 _aIncludes index
650 _aGeography
_vStudy and teaching (Secondary)
_9204621
942 _2ddc
_cBK
999 _c69068
_d69068